|
|
|
|
| LEADER |
01315nam a2200253 a 4500 |
| 001 |
GR-Patra16171 |
| 008 |
030922s2002 gr e b 000 0 gre d |
| 040 |
|
|
|a GrPaTEI
|b gre
|c GR-PaULI
|
| 040 |
|
|
|a GrPaTEI
|b gre
|c GR-PaULI
|
| 100 |
1 |
|
|a Μπαλτήρα, Γεωργία
|
| 245 |
1 |
2 |
|a Η πορεία της ομοφυλοφιλίας και η στάση της κοινωνίας απέναντι στο ομοφυλόφιλο άτομο /
|c Σπουδάστρια: Μπαλτήρα Γεωργία ; Υπεύθυνη καθηγήτρια: Γεωργοπούλου Λίλιαν.
|
| 260 |
|
|
|a Πάτρα :
|b ΤΕΙ Πάτρας,
|c 2002
|
| 300 |
|
|
|a 180σ.
|
| 504 |
|
|
|a Περιλαμβάνει βιβλιογραφία.
|
| 650 |
|
4 |
|a Ομοφυλοφιλία
|
| 650 |
|
4 |
|a Πτυχιακή εργασία
|
| 700 |
1 |
|
|a Γεωργοπούλου, Λίλιαν
|
| 710 |
0 |
|
|a Σ.Ε.Υ.Π..
|b Τμήμα Κοινωνικής Εργασίας
|
| 710 |
0 |
|
|a Τ.Ε.Ι. Πάτρας
|
| 856 |
4 |
0 |
|u https://nereus.library.upatras.gr/formerpat/ptyxiakes/seyp/seyp_ke/2001-2005/3420pe.pdf
|
| 942 |
|
|
|2 ddc
|
| 952 |
|
|
|0 0
|1 0
|2 ddc
|4 0
|7 1
|9 295455
|a LISK
|b LISK
|c BSC
|d 2021-01-17
|e 24
|f 0
|g 0.00
|l 0
|p 9241003420
|r 2021-01-17 00:00:00
|t 1
|w 2021-01-17
|y BKN
|x 20030922 0 0
|x GrPaTEI
|
| 971 |
|
|
|a .b26636864
|b 16-04-20
|c 23-09-16
|
| 999 |
|
|
|c 172448
|d 172448
|